The twilight of the presidency : from Johnson to Reagan /

Bibliographic Details
Main Author: Reedy, George E., 1917-1999
Format: Book
Language:English
Published: New York : New American Library, 1987.
Edition:Rev. ed.
Subjects:

MARC

Tag First Indicator Second Indicator Subfields
LEADER 00000cam a2200000 a 4500
001 in00000010913
005 20151007051940.0
008 870225s1987 nyu 00110 eng
010 |a  87005649  
020 |a 0453005675 
035 |a (OCoLC)15316115 
035 |9 AAA5578AM 
040 |a DLC  |c DLC  |d TXA  |d UtOrBLW 
043 |a n-us--- 
049 |a TXAM  |c [A12639139] 
050 0 0 |a JK516  |b .R35 1987 
082 0 |a 353.03/1  |2 19 
100 1 |a Reedy, George E.,  |d 1917-1999. 
245 1 4 |a The twilight of the presidency :  |b from Johnson to Reagan /  |c George E. Reedy. 
250 |a Rev. ed. 
264 1 |a New York :  |b New American Library,  |c 1987. 
300 |a 200 pages ;  |c 23 cm. 
336 |a text  |b txt  |2 rdacontent 
337 |a unmediated  |b n  |2 rdamedia 
338 |a volume  |b nc  |2 rdacarrier 
500 |a "NAL books." 
500 |a Includes index. 
650 0 |a Presidents  |z United States. 
999 |a MARS 
999 f f |s 7f822d0b-9c92-3fc1-8879-f22ce35fa1c8  |i 7ce025d5-699e-3d50-97aa-06ae1ee78e2d  |t 0 
952 f f |p ric  |a Texas A&M University  |b Rellis Campus  |c Joint Library Facility  |d Remote Storage  |t 0  |e JK516 .R35 1987  |h Library of Congress classification  |i unmediated -- volume  |m A14812639139 
998 f f |a JK516 .R35 1987  |t 0  |l Remote Storage